000 00536nam a22001577a 4500
999 _c15532
_d15532
003 OSt
008 180925b ||||| |||| 00| 0 eng d
082 _a664
_bATH/IN
100 _aAthira Prasad
_93351
245 _aInvestigations on design parameters for the development of a pineapple harvester
260 _aThavanur
_bDepartment of farm machinery and power engineering
_c2018
300 _a138
_eCD
700 _aShivaji, K.P(Guide)
_93353
856 _uhttps://drive.google.com/open?id=1v2Y4ZqwcHP2nph1RD6a8TJ_iZ_S2-GQa
942 _cPR